00354 a2200121 450000100060000004000220000624000310002824500290005965000170008894200070010595201030011299900170021551073 cAnchieta - Pituba10aInclusão e Pluralidadel10aInclusão e Pluralidade 4aEducação cMX 00104070a91.1b91.1d2023-11-21l0o370 I374 INCp445/PITr2023-11-21 18:19:25w2023-11-21yMX c51073d51073